LDR 01024naa#a2200193#i#450# 001 RU\\bibl\121479 005 20260429170845.3 011 ## _a1994-4683 100 ## _a20230531b2023####ek#y0rusy0150####ca 102 ## _aRU 200 1# _aФАКТОРЫ, ОПРЕДЕЛЯЮЩИЕ ВЫСОКУЮ ЭФФЕКТИВНОСТЬ ПРИМЕНЕНИЯ АТАКУЮЩИХ КОМБИНАЦИЙ УДАРНОЙ И БОРЦОВСКОЙ ТЕХНИКИ В УШУ САНЬДА _eЖурнальная статья 210 1# _aМосква _cНациональный государственный Университет физической культуры, спорта и здоровья им. П.Ф. Лесгафта _d2023 215 ## _a4 с. 608 ## _aЖурнальная статья _2local 675 ## _aВу-шу (кунг-фу). Виды китайской (спортивной борьбы и обороны. 796.855 _z 700 #1 _aХэ _gВ 700 #1 _aБолотин _gА Э 700 #1 _aАганов _gС С 856 4# _auchzapiski.lesgaft.spb.ru _u